000 00660nam a2200205Ia 4500
005 20250326142217.0
008 250326s9999 xx 000 0 und d
020 _a0-07-237567-1
037 _aTextbook
040 _aFMSL
_beng
_cFMSL
041 _aeng
_2eng
084 _aX;72obD658(2:55) P1
_qFMSL
100 _aThompson Arthur A
245 0 _aPlayer's manual for use with the business strategy game: A global industry simulation
_cThompson Arthur A; Stappenbeck Gregory J
250 _aEd 7
260 _aBoston
_bBoston, McGraw Hill
_c2001
300 _aiv,124
942 _cTB
_hX;72obD658(2:55) P1
999 _c1293952
_d1293952